000 00961nmm a2200277 a 4500
001 ocm0002347337
003 TR-IsHL
005 20201028184629.0
008 190512s2019 tu eng
007 cr cn
020 _a9786057876522
035 _a2347337
_b(N$T)
050 0 4 _aPZ8.S327
_bO5 2019
090 0 4 _aPZ8.S327
_bO5 2019
100 1 _aSégur, Comtesse de
245 1 0 _aOld French fairy tales
_h[electronic resource] /
_cComtesse de Ségur ; Illustrator Virginia Frances Sterrett
260 _aİstanbul :
_be-Kitap Projesi & Cheapest Books,
_c2019
300 _a295 p.
650 4 _aDil ve Edebiyat
650 4 _aLanguage and Literature
650 0 _aFransız masalları
650 0 _aFrench fairy tales
650 7 _aJUVENILE FICTION / Fairy Tales & Folklore / General
_2bisacsh
700 1 _aSterrett, Virginia Frances
856 4 0 _uhttp://search.ebscohost.com/login.aspx?direct=true&scope=site&db=e011xww&AN=2347337
999 _c21090
_d21090